书目信息 |
| 题名: |
教育行政与学校管理
|
|
| 作者: | ;人民教育出版社《外国教育丛书》编辑组 编 | |
| 分册: | ||
| 出版信息: | 北京 人民教育出版社 1982.01 |
|
| 页数: | 188页 | |
| 开本: | 19cm | |
| 丛书名: | 外国教育丛书 | |
| 单 册: | ||
| 中图分类: | G46 | |
| 科图分类: | ||
| 主题词: | 教育行政 | |
| 电子资源: | ||
| ISBN: | ||
| 000 | 00730nam0 2200229 45 | |
| 001 | 0212090848 | |
| 005 | 20040429160655.8 | |
| 010 | @dCNY0.56 | |
| 091 | @a7012.0487 | |
| 100 | @a20021209d1982 km y0chiy0120 ea | |
| 101 | 0 | @achi |
| 105 | @a z 000yy | |
| 200 | 1 | @a教育行政与学校管理@AJiao Yu Xing Zheng Yu Xue Xiao Guan Li@f人民教育出版社《外国教育丛书》编辑组编@FRen Min Jiao Yu Chu Ban She《Wai Guo Jiao Yu Cong Shu》Bian Ji Zu Bian |
| 210 | @a北京@c人民教育出版社@d1982.01 | |
| 215 | @a188页@d19cm | |
| 225 | @a外国教育丛书 | |
| 410 | @12001 @a外国教育丛书 | |
| 606 | 0 | @a教育行政 |
| 690 | @aG46@v3 | |
| 711 | 02 | @a人民教育出版社《外国教育丛书》编辑组@4编 |
| 801 | @aCN@bTSTC@c20030928 | |
| 905 | @dG46@e1@f1@b77672 | |
| 教育行政与学校管理/人民教育出版社《外国教育丛书》编辑组编.-北京:人民教育出版社,1982.01 |
| 188页;19cm.-(外国教育丛书) |
| ISBN :CNY0.56 |
| ● |
| 相关链接 |
|
|
|
|
正题名:教育行政与学校管理
索取号:G46/1
 
预约/预借
| 序号 | 登录号 | 条形码 | 馆藏地/架位号 | 状态 | 备注 |
| 1 | 0077672 | 001666860 | 密集书库/ [索取号:G46/1] | 在馆 |